000 00989nam a22002897a 4500
005 20170605151332.0
008 170605b xxu||||| |||| 00| 0 Urdu d
010 _a183103
020 _c00
035 _a183103
037 _bCen Lib/Ret
040 _aDPL
_bUR
082 _a270.2
100 _aمر تبہ:عبد ا لکر ییم پا ریکھ
_9136743
245 _aجد ید آ سا ن لغا ت ا لقر آ ن
_cمر تبہ:عبد ا لکر ییم پا ریکھ
246 _aJadeed Aasan Lughaat Ul Quraan
_bby Abdul Kareem Pareekh
260 _aNaagpur
_bMohd. Abdur Rasheed Khan
_c1961
270 _aMain Road ,Kamti,
_bNaagpur
300 _a301p.:
_c21cm(Hb)
500 _aاشاریہ اور ضمیمہ بھی شامل
650 _a مذہب
_v
_9136744
650 _a اسلام
_9136745
650 _aReligion
_9136746
650 _aIslam
_95289
700 _aمحمد هادی حسین
_9136747
942 _2ddc
_cUR
_h270.2
_mپ ا ر
999 _c140740
_d140740